Logic primer / (Record no. 10465)

MARC details
000 -LEADER
fixed length control field 00602nam a22002177a 4500
003 - CONTROL NUMBER IDENTIFIER
control field URS
005 - DATE AND TIME OF LATEST TRANSACTION
control field 20220117095940.0
008 - FIXED-LENGTH DATA ELEMENTS--GENERAL INFORMATION
fixed length control field 190201b ||||| |||| 00| 0 eng d
020 ## - INTERNATIONAL STANDARD BOOK NUMBER
International Standard Book Number 9712314243
040 ## - CATALOGING SOURCE
Language of cataloging English
Transcribing agency URS
Description conventions rda
Original cataloging agency URS
Modifying agency URS
050 ## - LIBRARY OF CONGRESS CALL NUMBER
Classification number BC108
Item number .P656 1979
100 ## - MAIN ENTRY--PERSONAL NAME
Personal name Piñon, Manuel.
Relator term author.
245 ## - TITLE STATEMENT
Title Logic primer /
Statement of responsibility, etc. Manuel Piñon.
260 ## - PUBLICATION, DISTRIBUTION, ETC.
Place of publication, distribution, etc. Manila :
Name of publisher, distributor, etc. Rex Printing Company,
Date of publication, distribution, etc. ©1979.
300 ## - PHYSICAL DESCRIPTION
Extent 232 pages ;
Dimensions 22 cm.
336 ## - CONTENT TYPE
Content type term text
Content type code txt
Source rdacontent
337 ## - MEDIA TYPE
Media type term unmediated
Media type code n
Source rdamedia
338 ## - CARRIER TYPE
Carrier type term volume
Carrier type code nc
Source rdacarrier
650 #0 - SUBJECT ADDED ENTRY--TOPICAL TERM
Topical term or geographic name entry element Logic.
942 ## - ADDED ENTRY ELEMENTS (KOHA)
Source of classification or shelving scheme Library of Congress Classification
Koha item type Filipiniana
Holdings
Withdrawn status Source of classification or shelving scheme Damaged status Not for loan Collection code Home library Current library Shelving location Date acquired Source of acquisition Total Checkouts Full call number Barcode Date last seen Copy number Koha item type
  Library of Congress Classification     Non-fiction Taytay College Library Taytay College Library Filipiniana Section 02/01/2019 Donation   BC108 .P656 1979 URSTAY-4416 06/02/2025 1 Filipiniana

University of Rizal System
Email us at univlibservices@urs.edu.ph

Visit our Website www.urs.edu.ph/library